000 00533nam a2200181Ia 4500
008 090124s9999 xx 000 0 und d
082 _b20521
100 _aआपटे हरि नारायण
245 _a चंद्रगुप्त
250 _a8
260 _c1967
300 _a256+12
600 _aआपटे हरि नारायण
630 _a चंद्रगुप्त
700 _aआपटे हरि नारायण
730 _a चंद्रगुप्त
942 _cBOOK
999 _c134326
_d134326